000 00856nam a2200265 a 4500
001 40593
003 BD-RjUL
005 20211209053239.0
008 160504s1953 nyua b 000 0 eng
020 _c: Tk.80.55
035 _a(BD-RjUL)40708
040 _aBD-RjUL
_dBD-RjUL
_beng
_cBD-RjUL
041 _aeng
082 _a590.12
_223
_bMAM 1953
100 1 _aMayr, Ernst,
_d1904-
_9124922
245 1 0 _aMethods and principles of systematic zoology
_c[by] Ernst Mayr, E. Gorton Linsley [and] Robert L. Usinger.
260 _aNew York :
_bMcGraw-Hill,
_c1953.
300 _a328 p.
_bill. ;
_c24 cm.
504 _aIncludes bibliography.
650 0 _aAnimals
_vClassification.
_9124924
650 0 _aAnimals
_vNomenclature.
_9124925
942 _2ddc
_cBK
_03
999 _c40593
_d40593